000 01185nam a2200349 c 4500
001 58813
003 CO-BoRNBP
005 20250828153004.0
007 ta
008 210716s2009 ck ao br 000 0 spa d
020 _a9589767389
020 _a9789589767382
040 _aCO-BoRNBP
_bspa
_erda
_cCO-BoRNBP
041 0 _aspa
043 _as-ck---
082 0 4 _a599.855
_bU73a
_223
100 _aUribe Hurtado, Cristina,
_d1956-
_eaut
_epht
245 1 0 _aAugusto Alfa :
_baraguato del Arauca /
_ctextos y fotografías Cristina Uribe.
250 _aSegunda edición
264 1 _aBogotá, Colombia :
_bCristina Uribe Ediciones,
_c2009
300 _a33 páginas :
_bilustraciones, fotografías a color
336 _atexto
_btxt
_2rdacontent
337 _asin mediación
_bn
_2rdamedia
338 _avolumen
_bnc
_2rdacarrier
490 0 _aLibros Educativos
_aAprendiendo sobre el mundo en que vivimos
490 0 _aQuién soy
521 1 _aRecomendado para un público infantil mayor de 8 años
650 0 7 _aFauna tropical
_zColombia
_2lemb
_964039
650 0 7 _aMonos
_xHábitos y conducta
_zArauca
_2lemb
_964040
650 0 7 _aAnimales
_zColombia
_2LEMB
_964041
942 _2ddc
_cBKINF
999 _c58813
_d58813